• 首页
  • 本馆介绍
  • 公告通知
  • 最新文献
  • 馆藏检索
  • 电子资源
  • 读者导购
  • 参考咨询
  • 我的图书馆
  • 登录
  • 详细信息显示
  • 放入我的书架
  • 预约/预借图书
  • 作者相关作品
  • 分类相关作品
  • 丛书相关作品
  • 出版社相关作品

书目信息

  • 表格格式
  • 工作单格式
  • 卡片格式
题名:
健康要读心理学
    
 
作者: 牧之 , 张震 主编
分册:  
出版信息: 北京   新世界出版社  2007
页数: 14,321页
开本: 23cm
丛书名: 心理学与你的生活系列
单 册:
中图分类: R395.6-49
科图分类:
主题词: 心理卫生 , 心理卫生--通俗读物
电子资源:
ISBN: 7-80228-231-4
000 01247nam0 2200301 450
000 01260nam0 2200301 450
000 01188nam0 2200277 450
000 01152nam0 2200265 45
005 20070727170741.29
010    @a7-80228-231-4@dCNY33.00
100    @a20070702d2007 em y0chiy0120 ea
101 0  @achi
102    @aCN@b110000
105    @ay z 000yy
200 1  @a健康要读心理学@AJian Kang Yao Dou Xin Li Xue@e让你快乐、健康又长寿的心灵处方@ERang Ni Kuai Le、 Jian Kang You Chang Shou De Xin Ling Chu Fang@f牧之,张震主编@FMu Zhi, Zhang Zhen Zhu Bian
210    @a北京@c新世界出版社@d2007
215    @a14,321页@d23cm
225 2  @a心理学与你的生活系列@e珍藏
330    @a本书深入浅出地讲解了与健康相关的心理学,内容包括现代医学模式下的健康观念、良好的情绪是健康的营养素、心理因素与常见疾病的预防、疗养和康复、饮食心理与健康等。
410  0 @12001 @a心理学与你的生活系列
517 1  @a让你快乐、健康又长寿的心灵处方@ARang Ni Kuai Le、 Jian Kang You Chang Shou De Xin Ling Chu Fang
606 0  @a心理卫生
606 0  @a心理卫生@j通俗读物
690    @aR395.6-49@v4
701  0 @a牧之@AMu Zhi@c(人生哲学)@4主编
701  0 @a张震@AZhang Zhen@c(人生哲学)@4主编
801  0 @aCN@bTAOJIN@c20070727
905    @a10447@dR395.6-49@e183
    
    健康要读心理学:让你快乐、健康又长寿的心灵处方/牧之,张震主编.-北京:新世界出版社,2007
    14,321页;23cm.-(心理学与你的生活系列:珍藏)
    
    
    ISBN 7-80228-231-4:CNY33.00
    本书深入浅出地讲解了与健康相关的心理学,内容包括现代医学模式下的健康观念、良好的情绪是健康的营养素、心理因素与常见疾病的预防、疗养和康复、饮食心理与健康等。
●
相关链接 在E读中查询图书 在五车中查询图书 在当当中查询图书 在豆瓣中查询图书


正题名:健康要读心理学     索取号:R395.6-49/183         预约/预借

序号 登录号 条形码 馆藏地/架位号 状态 备注
1 0821969   208219694   第二样本阅览室/ [索取号:R395.6-49/183] 在馆    
2 0821970   208219701   第三借阅区/ [索取号:R395.6-49/183] 在馆    
3 0821971   208219710   第三借阅区/ [索取号:R395.6-49/183] 在馆    
4 0821972   208219729   第三借阅区/ [索取号:R395.6-49/183] 在馆    
5 0821973   208219738   第三借阅区/ [索取号:R395.6-49/183] 在馆    
唐山师范学院图书馆 欢迎您!
大连网信软件有限公司© 版权所有